000 00353nam a2200121Ia 4500
008 220204s9999 xx 000 0 und d
082 _a338.26(540)
_bBYR
245 0 _aState, development planning and liberalisation in India
260 _aDelhi
_bOxford University Press
_c1998
650 _aAgricultural Price Policy
700 _aTerence J
942 _cBK
999 _c41477
_d41477